Listy Pavla Jozefa Šafárika Martinovi Hamuljakovi

Bibliographic Details
Other Authors: Maťovčík, Augustín, 1937- (Compiler)
Format: Book
Language:Slovak
PhysicalDescription:270 strán, [4] strany obrazových príloh faksimile, portréty 21 cm
Published: Martin Matica slovenská 1965
Subjects:

MARC

LEADER 00000cam a2200000 a 4500
001 vtls001264214
003 SK-MaSNL
005 20260301003829.0
008 250314s1965 xo hc grn 001 i slo
015 |a SNBA1965/12-03203 
020 |q (viazané) 
035 |a SNK000215129 
035 |a F39785FC-8C45-4B22-88AC-9B88A597BCE5 
035 |a urn:nbn:sk:snk-am00ifpf 
040 |a SNK  |b slo  |c SNK  |e AACR2 
041 0 |a slo 
044 |a xo  |c SK 
072 7 |a 82  |x Literatúra. Literárny život  |2 konspekt 
080 |a 82‑1  |2 2011 
080 |a (0:82-6)  |2 2011 
080 |a 008  |2 2011 
245 0 0 |a Listy Pavla Jozefa Šafárika Martinovi Hamuljakovi  |c na vydanie pripravil Augustín Maťovčík 
260 |a Martin  |b Matica slovenská  |c 1965 
300 |a 270 strán, [4] strany obrazových príloh  |b faksimile, portréty  |c 21 cm 
366 |e 600 kusov 
500 |a Použité skratky 
504 |a Obsahuje bibliografické odkazy a menný register 
600 1 7 |a Hamuljak, Martin,  |d 1789-1859  |2 SNKMA  |9 79936 
600 1 7 |a Šafárik, Pavol Jozef,  |d 1795-1861  |2 SNKMA  |9 85839 
650 0 7 |a slovenskí básnici  |2 SNKPH  |9 67856 
650 0 7 |a kultúrni pracovníci  |2 SNKPH  |9 74938 
655 7 |a korešpondencia  |2 SNKPH  |9 60843 
700 1 |a Maťovčík, Augustín,  |d 1937-  |4 com  |9 98490 
852 |a Slovenská národná knižnica 
954 |a beletria pôvodná (slovenská)  |2 lita 
958 |a EUIPO 
958 |a RK 
958 |a TL 
958 |a LX 
958 |a OND 
999 |c 540334  |d 542264 
952 |a SNK  |b SNK  |y VYP  |7 0  |p 17A0614965  |o snkSC 20814 D3  |i snkK 469/66   |8 3  |0 0  |1 0  |4 0  |d 2009-03-06  |l 0  |r 2026-02-23 12:38:17  |w 2026-02-23 
952 |a SNK  |b SNK  |y PREZ  |7 0  |p 17A0801032  |o snkSC 20814  |i snkKSP 6254/65  |0 0  |1 0  |4 0  |d 2012-09-04  |f 1  |l 0  |r 2025-08-13 00:00:00  |w 2026-02-23 
952 |t P60, <04>, [BOOK], {604}  |a SNK  |b SNK  |y VYP  |7 0  |p 17A0015609  |o snkSC 20814 D9  |0 0  |1 0  |4 0  |d 1996-10-24  |l 0  |r 2005-01-01 00:00:00  |w 2026-02-23 
952 |t P60, <04>, [BOOK], {604}  |a SNK  |b SNK  |y VYP  |7 0  |p 17A0129366  |o snkSC 20814 D1  |0 0  |1 0  |4 0  |d 1998-03-17  |l 0  |r 2005-01-01 00:00:00  |w 2026-02-23 
952 |a SNKLM  |b SNKLM  |y NEVYP  |7 0  |p 17A0065776  |o snkSC 20814 D11  |8 11  |3 Vrátené z príručnej knižnice  |0 0  |1 0  |4 0  |d 1997-05-05  |l 0  |r 2005-01-01 00:00:00  |w 2026-02-23